Responses for Show #2017 - Tuesday, May 18, 1993

Bev Schwartzberg game 3.

Contestants

[<< previous game]

Mary Capalbi, a sixth grade teacher from Maspeth, New York

Pamela Good, an English teacher originally from Flushing, New York

Bev Schwartzberg, a history teacher originally from Amherst, Massachusetts (whose 2-day cash winnings total $24,499)

[next game >>]

Jeopardy! Round responses

SHARKS
LIBERTY SYMBOLS
NOTORIOUS
WORLD CITIES
FOOD & DRINK
CHARACTERS IN FILM
    $100 1
teeth

Pamela
    $100 25
the Liberty Bell

Bev
    $100 10
Lizzie Borden

Pamela
    $100 4
Quebec

Pamela
    $100 20
sugar

Pamela
    $100 15
(Bev: Who are pool players?)
...
(Alex: We give you the characters, you have to identify the film. I don't think that Sarah Packard, played by Piper Laurie, played pool in [*].)

The Hustler

BevPamela
    $200 2
swim

Bev
    $200 26
the Alamo

Bev
    $200 11
a wife

Bev
    $200 5
Istanbul

Pamela
    $200 21
Hungary

Bev
    $200 16
Sunset Boulevard

Pamela
    $300 3
the liver

Mary
    $300 27
the Magna Carta

Bev
    $300 12
Cambridge

Mary
    $300 6
Milan

Pamela
    $300 22
tequila

Bev
    $300 17
The Ghost and Mrs. Muir

Bev
    $400 9
the Great White

Mary
    $400 28
(Pamela: What is a toga?)

a cap

Pamela
Triple Stumper
    $400 13
Guyana

Bev
    $400 7
(Hans Christian) Andersen

Bev
    $400 23
spice cake

Pamela
    $400 18
What Ever Happened to Baby Jane?

Pamela
    $500 30
(Bev: What is heat?)
(Mary: What is sound?)

electricity

BevMary
Triple Stumper
    $500 29
union

Bev
    $500 14
Parker

Pamela
    $500 8
Calcutta

Bev
    $500 24
almond paste

Bev
    $500 19
My Little Chickadee

Pamela

Scores at the first commercial break (after clue 15):

Bev Pamela Mary
$1,600 $1,400 $1,000

Scores at the end of the Jeopardy! Round:

Bev Pamela Mary
$3,500 $2,600 $500

Double Jeopardy! Round responses

SIBERIA
HISTORIC NAMES
MEDICINE
DEMOCRATS
AUTHORS
BY THE "BOOK"
    $200 1
huskies

Bev
    $200 11
William the Conqueror

Pamela
    $200 6
a stethoscope

Bev
    $200 21
(Bev: Who is Daley?)
(Alex: Be more specific.)

Richard (M.) Daley

Bev
    $200 26
(Kurt) Vonnegut

Bev
    $200 15
throw the book at him

Pamela
    $400 2
Jack London

Pamela
    $400 12
Ivan the Terrible

Pamela
    $400 7
the AMA (the American Medical Association)

Mary
    $400 22
Louisiana

Pamela
    $400 27
Dashiell Hammett

Bev
    $400 16
(Bev: What's a black book?)
(Alex: Be more specific.)
...
(Alex: Mine was very small, by the way.)

a little black book

Bev
    $600 3
Dostoyevsky

Bev
    $600 13
Genghis Khan

Pamela
    $600 8
the kidney

Mary
    $1,500 23
Bob Kerrey

Pamela
    $600 28
Zane Grey

Bev
    $600 18
the Book of the Month Club

Bev
    $800 4
Baikal

Bev
    $800 14
(Pamela: What is the Roman Empire?)
...
(Alex: Yes, the [**]. When people say the Roman Empire, we assume they mean the traditional Roman Empire.)

the Byzantine Empire (the Eastern Roman Empire)

PamelaMary
    $800 9
Johns Hopkins

Bev
    $800 24
(Pamela: Who is Darwin?)

William Jennings Bryan

BevPamela
    $800 29
(Allen) Ginsberg

Bev
    $800 19
Book of Changes

Triple Stumper
    $1000 5
the Trans-Siberian Railroad

Mary
    $1,500 17
Peter Stuyvesant

Bev
    $1000 10
(Bev: Who is Hippocrates?)
(Pamela: Who is Aesculapius?)

Galen

BevPamela
Triple Stumper
    $1000 25
(Mike) Mansfield

Mary
    $1000 30
Gunter Grass

Pamela
    $1000 20
(Mary: What is the English [*]?)

The Book of Common Prayer

Mary

Scores at the end of the Double Jeopardy! Round:

Bev Pamela Mary
$10,600 $4,700 $5,300
(lock-tie game)

[wagering suggestions for these scores]

Final Jeopardy! Round responses

MUSEUMS
(Alex: The sixth floor of the Texas School Book Depository building.)
PamelaWhat is Washington D.C.
$4,700
MaryWhat is Chicago?
$5,300
BevWhat is Dallas?
$0
Dallas

Final scores:

Bev Pamela Mary
$10,600 $0 $0
3-day champion: $35,099 3rd place: Toyogo Nemesis Igo Dojo handheld electronic Go game 2nd place: Insight Computers 386SX personal computer + home office & entertainment package from Panasonic

Game dynamics:

Coryat scores:

Bev Pamela Mary
$10,100 $3,800 $5,300
27 R
(including 2 DDs),
3 W
20 R
(including 1 DD),
4 W
9 R,
1 W

Combined Coryat: $19,200

[game clues] [game scores] [suggest correction]

Game tape date: 1993-01-11
The J! Archive is created by fans, for fans. Scraping, republication, monetization, and malicious use prohibited; this site may use cookies and collect identifying information. See terms. The Jeopardy! game show and all elements thereof, including but not limited to copyright and trademark thereto, are the property of Jeopardy Productions, Inc. and are protected under law. This website is not affiliated with, sponsored by, or operated by Jeopardy Productions, Inc. Join the discussion at JBoard.tv.